MDQL
is popping MORE tags! Check the
thread
!
Quizzes
Events
Quiz Creation
Community
Videos
Private Events
Remove Ads
Sign In
Join for FREE
Feedback
Dark Mode
Quiz Categories
Sports
Geography
Music
Movies
Television
Just For Fun
Miscellaneous
History
Literature
Language
Science
Gaming
Entertainment
Religion
Holiday
For Kids
Quiz Lab
Recent
Popular Today
Quiz Kudos Today
Editor Picks
Curator Picks
Quizzes by...
Day
Popularity
Type
Ratings
Length
Year
Community
Subscriptions
Recent Discussions
Orange Saloon
Badges
Playlists
Quests
Create
Leaderboards
Showdown
Live 5
Trivia Bingo
Activity
Puzzle Library
Sporcle Events
Private Events
Virtual Trivia
Globe League
Become a Host
Pub Owners
SporcleCon
Opinionation
Our Games
Videos
Blog
Mobile Apps
Partnerships
Remove Ads and Go Orange
Feedback
Sports
Athletes
MLB
NBA
NHL
NFL
Soccer
Sports Teams
WWE
NCAA
Football
Premier League
Basketball
Baseball
Hockey
Golf
Tennis
Cricket
Rugby
Auto Racing
Olympics
World Cup
Sports
Athletes
MLB
NBA
NHL
NFL
Soccer
Sports Teams
WWE
NCAA
Football
Premier League
Basketball
Baseball
Hockey
Golf
Tennis
Cricket
Rugby
Auto Racing
Olympics
World Cup
Random Quiz
Search Sporcle
×
Curator Pick
Curator Pick
Sports
World
Type in answers that appear in a list
Type in answers that appear in a list
Classic
Best Score? Go Orange.
ATP World Tour Finals players (2000s) Stats
Can you name the tennis players who played in the ATP World Tour Finals 2000-2009?
By
mallard
8m
40 Questions
5,597 Plays
5,597 Plays
5,597 Plays
Comments
Comments
Give Quiz Kudos
Give Quiz Kudos
-
- Ratings
hide this ad
Replay
Link that replays current quiz
Next Quiz
Link to next quiz in quiz playlist
You Got
0%
They Got
Avg Score
72%
Avg Friend Score
Upgrade to see
Score Distribution
Jump to the score distribution portion of the page
Score
0/40
Timer
08:00
0
Plays Today
Nationality
tennis player
% Correct
Switzerland
Roger Federer
97.9%
Spain
Rafael Nadal
96.2%
U.K.
Andy Murray
95.4%
Serbia
Novak Djokovic
95.4%
U.S.
Andre Agassi
93.9%
Spain
David Ferrer
92.2%
U.S.
Andy Roddick
92.1%
U.S.
Pete Sampras
91.8%
Australia
Lleyton Hewitt
90.2%
France
Jo-Wilfried Tsonga
86.9%
Argentina
Juan Martín Del Potro
86.6%
U.K.
Tim Henman
84.4%
Sweden
Robin Söderling
83%
Brazil
Gustavo Kuerten
82.6%
Russia
Marat Safin
82.3%
Russia
Nikolay Davydenko
82%
Argentina
David Nalbandian
81%
Spain
Juan Carlos Ferrero
80.7%
Chile
Fernando González
75.5%
France
Richard Gasquet
74.3%
Nationality
tennis player
% Correct
Croatia
Goran Ivanišević
69.8%
U.S.
James Blake
69.1%
Spain
Fernando Verdasco
68.5%
Spain
Carlos Moyá
68.1%
Croatia
Ivan Ljubičić
67.2%
France
Gilles Simon
66.9%
Australia
Patrick Rafter
66.7%
Argentina
Guillermo Coria
65.9%
Russia
Yevgeny Kafelnikov
65.3%
Argentina
Gastón Gaudio
64.7%
Sweden
Thomas Johansson
61.7%
Spain
Albert Costa
55.5%
Czech Republic
Radek Štěpánek
55.1%
France
Sébastien Grosjean
53.6%
Spain
Àlex Corretja
51.1%
Spain
Tommy Robredo
49.8%
Sweden
Magnus Norman
48.7%
Germany
Rainer Schüttler
43.7%
Argentina
Mariano Puerta
35.1%
Czech Republic
Jiří Novák
33.8%
Quiz Playlist
Details
Report
Send in Message
Add To Playlist
Classic:
Type in answers that appear in a list
Quiz Source
Last Updated: Feb 16, 2017
Curator Pick in
Tennis
Quiz Scoreboard
CHALLENGE
Sign Up to Join the Scoreboard
Show All
Scores
Hide
Comments
May contain spoilers
Recently Published
Two Season TV Shows II
by 123Four
Television
10m
Image Sorting: Flags VI
by Barbecue
Geography
2m
Find the 'City' Movie
by crazypaving
Movies
60s
More to Explore
Quiz From the Vault
Featured Blog Post
14 Easter Pick-up Lines to Find Eggs With
hide this ad
You Might Also Like...
Tags
Tennis Quiz
World Quiz
2000
2000s
ATP
ATP World
final
men
Nationality
Player
Qualified
tour
Tour Finals
Today's Top Quizzes in Sports
Browse Sports
hide this ad
Today's Top Quizzes in World
Browse World
Top Contributed Quizzes in Sports
1
Les meilleurs buteurs des matchs entre le PSG et l’OM
2
Les entraîneurs de l'OM et du PSG au 21e siècle
3
2022 World Cup Stars
4
Les joueurs passés par le PSG et l'OM
5
Players with Multiple 50 Home Run Seasons
6
Criteria MLB: Left Handed Sluggers
7
FIFA Club World Cup Champions
8
Les joueurs passés par le LOSC et le RC Lens
9
NBA Logic Puzzle 2.0
10
Top 10 NHL Goal Scorers of All Time
Explore More
Trending Topics
Harry Potter
Anime
NBA
Marvel
Kpop
Crossword
Disney
The Office
Song
NFL
Soccer
Puzzle
Country
Pokémon
WWE
hide this ad
More By:
mallard
Quiz
Plays
Rating
Category
Featured
Created
Men's Tennis at the Summer Olympics
32,511
4.27
Sports
Feb 7, 2011
ATP World Tour Finals players (2000s)
5,597
4.92
Sports
Jan 12, 2010
Roger Federer's singles titles
3,565
4.56
Sports
Nov 7, 2009
Before I was famous, I was on Seinfeld
2,718
4.79
Television
Jan 18, 2019
Players in All Three Mighty Ducks Movies (clickable)
2,366
4.57
Movies
Jul 22, 2012
Go to Creator's Profile
Score Distribution
Quiz Creator Spotlight
mallard
Follow
Send a Message
Quizzes Created
-
Created Quiz Play Count
-
More By This Creator
Popular Quizzes Today
1
Find the US States - No Outlines Minefield
2
Colored Red Africa Blitz
3
Find the 'City' Movie
4
5x2 Blitz: Bands
5
The Countries of the World
6
Find the Countries of Europe - No Outlines Minefield
7
Find the US States
8
US States
More Sports Quizzes
NFL Last 200-Yard Receiver (by Team)
Published
Trending Quizzes
Colored Red Europe Blitz I
Colored Red Africa Blitz II
Colored Red Europe Blitz II
Colored Red Africa Blitz III
Colored Red Europe Blitz III
Recently Updated
How Do You Spell That?
pecheneg
Godzilla Movies
pecheneg
Grab Bag: 4-10 Letters
pecheneg
2024 March Madness Bracket
pecheneg
Famous TV Couples
Peacemaker
Champions League XIs: Real Madrid
pecheneg
Largest US Cities 1790-2010
pecheneg
Rides in Walt Disney World
pecheneg
Most Oscar Losses (Acting)
pecheneg
Beyoncé Albums
pecheneg
Trending Topics
Marvel
NBA
Kpop
Crossword
Anime
Harry Potter
Disney
Country
NFL
Song
Soccer
WWE
Pokémon
Puzzle
The Office
Your Account Isn't Verified!
In order to create a playlist on Sporcle, you need to verify the email address you used during registration. Go to your
Sporcle Settings
to finish the process.
Report this User
Report this user for behavior that violates our
Community Guidelines
.
Details:
Send Report
Go to the Sporcle.com Mobile Site →
Comments